Animals (Record no. 123334)

MARC details
000 -LEADER
fixed length control field 00660nam a2200253 i 4500
001 - CONTROL NUMBER
control field C2-0323201
003 - CONTROL NUMBER IDENTIFIER
control field PPAK
005 - DATE AND TIME OF LATEST TRANSACTION
control field 20180729165001.0
008 - FIXED-LENGTH DATA ELEMENTS--GENERAL INFORMATION
fixed length control field 970123s1990 xxk|||| ||||| | eng d
020 ## - INTERNATIONAL STANDARD BOOK NUMBER
International Standard Book Number 0721452019
040 ## - CATALOGING SOURCE
Original cataloging agency PPAK
Language of cataloging eng
Transcribing agency PPAK
Description conventions rda
082 04 - DEWEY DECIMAL CLASSIFICATION NUMBER
Classification number 591
Edition number 23
090 00 - LOCALLY ASSIGNED LC-TYPE CALL NUMBER (OCLC); LOCAL CALL NUMBER (RLIN)
Classification number (OCLC) (R) ; Classification number, CALL (RLIN) (NR) 591
Feature heading ARN
Feature heading K
Classification number (OCLC) (R) ; Classification number, CALL (RLIN) (NR) 591
Feature heading ARN
Feature heading RK
100 1# - MAIN ENTRY--PERSONAL NAME
Personal name Arnold, Caroline,
Relator term author
245 10 - TITLE STATEMENT
Title Animals
264 #1 - PRODUCTION, PUBLICATION, DISTRIBUTION, MANUFACTURE, AND COPYRIGHT NOTICE
Place of production, publication, distribution, manufacture Loughborough :
Name of producer, publisher, distributor, manufacturer Ladybirds Books ,
Date of production, publication, distribution, manufacture, or copyright notice 1990
300 ## - PHYSICAL DESCRIPTION
Extent 27 pages :
Other physical details colour illustrations ;
Dimensions 19 cm
336 ## - CONTENT TYPE
Source rdacontent
Content type term text
337 ## - MEDIA TYPE
Source rdamedia
Media type term unmediated
338 ## - CARRIER TYPE
Source rdacarrier
Carrier type term volume
650 10 - SUBJECT ADDED ENTRY--TOPICAL TERM
Topical term or geographic name entry element Animals
942 ## - ADDED ENTRY ELEMENTS (KOHA)
-- dc
Koha item type Book
Holdings
Withdrawn Not for loan Current library Shelving location Date acquired Total Checkouts Full call number Barcode Date last seen Date last checked out Koha item type
    Perpustakaan Alor Setar Pinjaman Kanak-kanak 21/09/1997 1 K 591 ARN A00070540 30/10/2024 09/10/2024 Book
    Perpustakaan Awam Sungai Petani Pinjaman Kanak-kanak 21/12/2003 3 K 591 ARN A00409969 09/02/2020 18/12/2019 Book
  Not For Loan Perpustakaan Awam Sungai Petani Rujukan Kanak-kanak 28/02/2004   RK 591 ARN A00437231 09/05/2018   Book
  Not For Loan Perpustakaan Jitra Rujukan Kanak-kanak 29/05/2004   RK 591 ARN A00850309 09/05/2018   Book